| 000 | 00926cam a2200301 i 4500 | ||
|---|---|---|---|
| 001 | 18535134 | ||
| 005 | 20260223144615.0 | ||
| 008 | 150320s2015 nyu b 001 0 eng | ||
| 010 | _a 2015010999 | ||
| 020 | _a9780465052714 | ||
| 040 |
_aDLC _beng _cDLC _erda _dDLC |
||
| 041 | _aeng | ||
| 050 | 0 | 0 |
_aU21.2 _b.W345 2015 |
| 100 | 1 | _aWalzer, Michael, | |
| 245 | 1 | 0 |
_aJust and unjust wars : _ba moral argument with historical illustrations / _cMichael Walzer. |
| 250 | _aFifth edition. | ||
| 264 | 1 |
_aNew York : _bBasic Books, a member of the Perseus Books Group, _c2015 |
|
| 300 |
_axxxii, 381 pages ; _c21 cm |
||
| 336 |
_atext _2rdacontent |
||
| 337 |
_aunmediated _2rdamedia |
||
| 338 |
_avolume _2rdacarrier |
||
| 504 | _aIncludes bibliographical references and index. | ||
| 650 | 0 | _aWar. | |
| 650 | 0 |
_aWar _xMoral and ethical aspects. |
|
| 650 | 0 | _aJust war doctrine. | |
| 942 |
_2lcc _n0 _cBK |
||
| 999 |
_c30501 _d30501 |
||